| 000 | 00790nam a2200241Ia 4500 | ||
|---|---|---|---|
| 003 | OSt | ||
| 005 | 20230929153642.0 | ||
| 008 | 210716s2013 xx 000 0 und d | ||
| 020 | _a9781259098512 | ||
| 040 | _cAIMIT LIBRARY | ||
| 041 | _aeng | ||
| 082 |
_a374.22 _21 _bBERA |
||
| 100 |
_aBernstein, Albert J. _9135685 |
||
| 245 |
_aEmotional vampires at work : _bdealing with bosses and coworkers who drain you dry / _cBy Albert J Bernstein. |
||
| 250 |
_a1st ed. _bIndian edition |
||
| 260 |
_aNew Delhi : _bMc Graw Hill Book Company , _c2013. |
||
| 300 |
_ax,258p. ; _bPB _c22.3 cm. |
||
| 650 |
_aGeneral Management _9135686 |
||
| 651 |
_aEmotional vampires _9135687 |
||
| 651 |
_aAntisocial cultures _9135688 |
||
| 651 |
_aNarcissists _9135689 |
||
| 942 |
_2ddc _cBK _e1st _k374.22 BERA |
||
| 999 |
_c209394 _d209394 |
||